<?xml version="1.0" encoding="UTF-8"?>
<record
    xmlns:xsi="http://www.w3.org/2001/XMLSchema-instance"
    xsi:schemaLocation="http://www.loc.gov/MARC21/slim http://www.loc.gov/standards/marcxml/schema/MARC21slim.xsd"
    xmlns="http://www.loc.gov/MARC21/slim">

  <leader>01423nam a2200301 a 4500</leader>
  <controlfield tag="001">000011832</controlfield>
  <controlfield tag="003">DO-SdBNP</controlfield>
  <controlfield tag="005">20220207080003.0</controlfield>
  <controlfield tag="007">000011832</controlfield>
  <controlfield tag="008">091028s2000    dr            000 0 spa d</controlfield>
  <datafield tag="020" ind1=" " ind2=" ">
    <subfield code="a">9993431036</subfield>
  </datafield>
  <datafield tag="040" ind1=" " ind2=" ">
    <subfield code="a">BPMSU</subfield>
    <subfield code="b">spa</subfield>
    <subfield code="c">BPMSU</subfield>
  </datafield>
  <datafield tag="049" ind1=" " ind2=" ">
    <subfield code="a"> </subfield>
  </datafield>
  <datafield tag="082" ind1=" " ind2=" ">
    <subfield code="a">RD863.44 </subfield>
    <subfield code="b">C292c 2000</subfield>
    <subfield code="2">22</subfield>
  </datafield>
  <datafield tag="100" ind1="1" ind2=" ">
    <subfield code="a">Caro, N&#xE9;stor,</subfield>
    <subfield code="d">1917-</subfield>
  </datafield>
  <datafield tag="245" ind1="1" ind2="0">
    <subfield code="a">Cuentos completos /</subfield>
    <subfield code="c">N&#xE9;stor Caro.</subfield>
  </datafield>
  <datafield tag="260" ind1=" " ind2=" ">
    <subfield code="a">Santo Domingo :</subfield>
    <subfield code="b">Biblioteca Nacional,</subfield>
    <subfield code="c">2000.</subfield>
  </datafield>
  <datafield tag="300" ind1=" " ind2=" ">
    <subfield code="a">121 p. ;</subfield>
    <subfield code="c">23 cm.</subfield>
  </datafield>
  <datafield tag="490" ind1=" " ind2=" ">
    <subfield code="a">Biblioteca Nacional de la Rep&#xFA;blica Dominicana</subfield>
    <subfield code="a">Narrativa</subfield>
    <subfield code="v">2/1</subfield>
  </datafield>
  <datafield tag="500" ind1=" " ind2=" ">
    <subfield code="3">Incluye datos biogr&#xE1;ficos del autor en la solapa de la cubierta </subfield>
  </datafield>
  <datafield tag="505" ind1="0" ind2=" ">
    <subfield code="g">Cielo Negro: cuentos (1950) --</subfield>
    <subfield code="t">Cielo negro ;</subfield>
    <subfield code="t">Nuestro pan ;</subfield>
    <subfield code="t">Wil&#xED; ;</subfield>
    <subfield code="t">El funcionario ;</subfield>
    <subfield code="t">El hombre del saco ;</subfield>
    <subfield code="t">El hombre de la calle ;</subfield>
    <subfield code="t">El hombrecito ;</subfield>
    <subfield code="t">Los amos buenos ;</subfield>
    <subfield code="t">Chano ;</subfield>
    <subfield code="t">La due&#xF1;a del llano ;</subfield>
    <subfield code="t">Mis amores ;</subfield>
    <subfield code="t">Sur ;</subfield>
    <subfield code="t">Los cuentos de N&#xE9;stor Caro ;</subfield>
    <subfield code="g">S&#xE1;ndalo : cuentos (1975) --</subfield>
    <subfield code="t">Hab&#xED;a una vez un hombre llamado S&#xE1;ndalo ;</subfield>
    <subfield code="t">La casa llanera ;</subfield>
    <subfield code="t">Guanuma ;</subfield>
    <subfield code="t">Celos&#xED;a ;</subfield>
    <subfield code="t">El tipo aqu&#xE9;l ;</subfield>
    <subfield code="t">El se&#xF1;or Bonnier ;</subfield>
    <subfield code="t">Una mujer ;</subfield>
    <subfield code="t">Dios --</subfield>
    <subfield code="g">Ap&#xE9;ndice : Los cuentos de N&#xE9;stor Caro. Por Enrique Garc&#xED;a Ruiz.</subfield>
  </datafield>
  <datafield tag="590" ind1=" " ind2=" ">
    <subfield code="6">Inventariado, 2022/VM</subfield>
  </datafield>
  <datafield tag="650" ind1=" " ind2="4">
    <subfield code="a">Cuentos dominicanos </subfield>
    <subfield code="c">Colecciones </subfield>
  </datafield>
  <datafield tag="650" ind1=" " ind2="4">
    <subfield code="a">Literatura dominicanan </subfield>
  </datafield>
  <datafield tag="710" ind1="2" ind2=" ">
    <subfield code="a">Biblioteca Nacional (Rep&#xFA;blica Dominicana)</subfield>
  </datafield>
  <datafield tag="910" ind1=" " ind2=" ">
    <subfield code="a">VMateo V. </subfield>
  </datafield>
  <datafield tag="942" ind1=" " ind2=" ">
    <subfield code="2">ddc</subfield>
    <subfield code="c">BK</subfield>
  </datafield>
  <datafield tag="952" ind1=" " ind2=" ">
    <subfield code="0">0</subfield>
    <subfield code="1">0</subfield>
    <subfield code="2">ddc</subfield>
    <subfield code="4">0</subfield>
    <subfield code="7">0</subfield>
    <subfield code="8">CD</subfield>
    <subfield code="a">BPMET</subfield>
    <subfield code="b">BPMET</subfield>
    <subfield code="d">2015-01-27</subfield>
    <subfield code="e">Biblioteca Nacional</subfield>
    <subfield code="l">0</subfield>
    <subfield code="o">BPMSU CD RD863.44 C292c 2000</subfield>
    <subfield code="p">BPMSU15040787</subfield>
    <subfield code="r">2015-01-27</subfield>
    <subfield code="t"> </subfield>
    <subfield code="w">2015-01-27</subfield>
    <subfield code="y">BK</subfield>
  </datafield>
  <datafield tag="952" ind1=" " ind2=" ">
    <subfield code="0">0</subfield>
    <subfield code="1">0</subfield>
    <subfield code="2">ddc</subfield>
    <subfield code="4">0</subfield>
    <subfield code="7">0</subfield>
    <subfield code="8">CD</subfield>
    <subfield code="a">BPMET</subfield>
    <subfield code="b">BPMET</subfield>
    <subfield code="d">2015-01-27</subfield>
    <subfield code="e">Biblioteca Nacional </subfield>
    <subfield code="l">0</subfield>
    <subfield code="o">BPMSU CD RD863.44 C292c 2000</subfield>
    <subfield code="p">BPMSU15040788</subfield>
    <subfield code="r">2015-01-27</subfield>
    <subfield code="t">e. 2</subfield>
    <subfield code="w">2015-01-27</subfield>
    <subfield code="y">BK</subfield>
  </datafield>
  <datafield tag="952" ind1=" " ind2=" ">
    <subfield code="0">0</subfield>
    <subfield code="1">0</subfield>
    <subfield code="2">ddc</subfield>
    <subfield code="4">0</subfield>
    <subfield code="7">0</subfield>
    <subfield code="8">CD</subfield>
    <subfield code="a">BPMET</subfield>
    <subfield code="b">BPMET</subfield>
    <subfield code="d">2015-01-27</subfield>
    <subfield code="e">Biblioteca Nacional</subfield>
    <subfield code="l">0</subfield>
    <subfield code="o">BPMSU CD RD863.44 C292c 2000</subfield>
    <subfield code="p">BPMSU15040789</subfield>
    <subfield code="r">2015-01-27</subfield>
    <subfield code="t">e. 3</subfield>
    <subfield code="w">2015-01-27</subfield>
    <subfield code="y">BK</subfield>
  </datafield>
  <datafield tag="999" ind1=" " ind2=" ">
    <subfield code="c">7243</subfield>
    <subfield code="d">7243</subfield>
  </datafield>
</record>
